Quick Pick: Body System Studies Quiz Stats

 Plays Quiz Updated Jul 26, 2018

Challenge
Share
Tweet
Embed
Score 0/9 Timer 01:30
0 Plays Today
% Correct
Neurology
96%
Immunology
95.8%
Gastroenterology
95.7%
Endocrinology
95.7%
Urology
94.9%
Pulmonology
91%
Orthopedics
89.8%
Cardiology
85.4%
Dermatology
80.6%

Today's Daily Dose

Missing Word
Animated TV Series

Word Ladder
Boston

Quick Pick
'H' Literature

On This Day
August 16th II

You're not logged in!

Compare scores with friends on all Sporcle quizzes.
Join for Free
OR
Log In

You Might Also Like...

Show Comments

Extras

Top Quizzes Today


Score Distribution

Your Account Isn't Verified!

In order to create a playlist on Sporcle, you need to verify the email address you used during registration. Go to your Sporcle Settings to finish the process.

Report this User

Report this user for behavior that violates our Community Guidelines.

Details: